000 00848nam a2200265 i 4500
001 187239
003 SpMaBN
005 20250807205700.0
008 170517s1989 sp c |||| |dspa d
020 _a84-7025-022-0
080 _a82-4
245 0 0 _aCanción de Marcela
_b: mujer y cultura en el mundo hispánico /
_cDavid Valjalo, editor.
250 _a1ª ed.
260 _aMadrid :
_bOrígenes,
_c1989.
300 _a200 p. :
_b1 retr. ;
_c21 cm.
490 1 _aAsomante de ensayo
504 _aReferencias bibliográficas.
650 4 _aMujeres intelectuales-
_zEspaña.
_9147264
650 7 _aMujeres artistas
_2embne
_9162713
650 7 _aMujeres y literatura
_2embne
_9143612
700 1 _aValjalo, David.
_9112711
830 0 _aAsomante de ensayo
_9225541
852 _aES-MaACL
_jL-31594
999 _c187239
_d187239